Computer data base organization

Bibliographic Details
Main Author: Martin, James
Format: Book
Published: New Delhi : Prentice-Hall of India Private Ltd. , 1986
Subjects:

MARC

LEADER 00000cam a2200000 7i4500
001 0000008199
002 000008942
005 20000330.0
020 |a 0876923368 
090 0 0 |a 001.64   |b MAR 
100 1 |a Martin, James 
245 1 0 |a Computer data base organization 
260 |a New Delhi :   |b Prentice-Hall of India Private Ltd. ,   |c 1986 
300 |a 713 p. :   |b ill. ;   |c 23 cm. 
650 0 0 |a Computer programming 
999 |a 0004771   |b BUKU   |c PINJAMAN   |e PERPUSTAKAAN KOMUNITI PETALING JAYA